|
|
|
|
| LEADER |
00000nam0a2200000 4500 |
| 001 |
293731 |
| 005 |
20231102000625.0 |
| 035 |
|
|
|a (RuTPU)RU\TPU\book\318771
|
| 090 |
|
|
|a 293731
|
| 100 |
|
|
|a 20150505d1983 k y0rusy50 ca
|
| 101 |
0 |
|
|a rus
|
| 102 |
|
|
|a RU
|
| 105 |
|
|
|a a z 001zy
|
| 200 |
1 |
|
|a Исследования в области линейных и угловых измерений
|e сборник научных трудов
|f Всесоюзный научно-исследовательский институт метрологии им. Д. И. Менделеева (ВНИИМ) ; под ред. Н. П. Герасимова
|
| 210 |
|
|
|a Ленинград
|c Энергоатомиздат
|d 1983
|
| 215 |
|
|
|a 59 с.
|c ил.
|
| 320 |
|
|
|a Библиогр. в конце ст.
|
| 606 |
|
|
|a Линейные измерения
|x (механика)
|2 stltpush
|3 (RuTPU)RU\TPU\subj\69108
|9 84093
|
| 606 |
|
|
|a Угловые измерения, высокоточные
|2 stltpush
|3 (RuTPU)RU\TPU\subj\62445
|9 79521
|
| 610 |
1 |
|
|a исследования
|
| 675 |
|
|
|a 531.7
|v 3
|
| 702 |
|
1 |
|a Герасимов
|b Н. П.
|4 340
|
| 712 |
0 |
2 |
|a Всесоюзный научно-исследовательский институт метрологии им. Д. И. Менделеева (ВНИИМ)
|c (Ленинград)
|2 stltpush
|3 (RuTPU)RU\TPU\col\12882
|
| 801 |
|
1 |
|a RU
|b 63413507
|c 20150505
|
| 801 |
|
2 |
|a RU
|b 63413507
|c 20180426
|g RCR
|
| 942 |
|
|
|c BK
|